00711nam a22001817a 4500003000900000008004100009040007100050082002000121245007200141260005200213300004400265440003400309505010400343650002400447650001500471650001300486700003000499AR-CdUCM190425b ||||| |||| 00| 0 spa d aMUNICIPALIDAD PROVINCIAL DEL CUSCOcBIBLIOTECA MUNICIPAL DEL CUSCO aSur/N°183/1991 aSur :bsemanario regional surandino /cGuido Delran Cousy, Director aCusco.bCentro Bartolomé de las Casas,c1991. a8 páginas. :bilustraciones ;c29 cm. aSur.nAño XIV, N°183,1991. aContenido: Un paro con detenciones. -- Qoyllurrit´i historia secreta o secreto de la historia. ... aSociedad cusqueña aPolítica aSiglo XX aRosas Paravicino, Enrique